Personnalités politiques françaises actuelles - Statistiques

Statistiques générales
  • Ce quiz a été pris 348 fois
  • Le résultat moyen est 41 sur 80
Statistiques - réponses
Par images Réponse % Correct
Emmanuel Macron
99%
Marine Le Pen
99%
Éric Zemmour
96%
Jordan Bardella
96%
Gabriel Attal
95%
Jean-Luc Mélenchon
95%
François Hollande
92%
Valérie Pécresse
91%
Anne Hidalgo
90%
Marion Maréchal
90%
Élisabeth Borne
86%
Gérald Darmanin
86%
Édouard Philippe
85%
Jean Lassalle
80%
Rachida Dati
80%
Bruno Le Maire
79%
Éric Ciotti
79%
Philippe Poutou
78%
Louis Boyard
77%
François Bayrou
75%
Sandrine Rousseau
73%
Mathilde Panot
71%
Manon Aubry
69%
Éric Dupond-Moretti
66%
Fabien Roussel
66%
Raphaël Glucksmann
66%
Nicolas Dupont-Aignan
64%
François Ruffin
62%
Yannick Jadot
60%
Gérard Larcher
58%
Nathalie Arthaud
57%
Adrien Quatennens
56%
Amélie Oudéa-Castéra
56%
Clémentine Autain
55%
Laurent Wauquiez
55%
Manuel Bompard
55%
François-Xavier Bellamy
54%
Yaël Braun-Pivet
54%
Olivier Faure
51%
Bernard Cazeneuve
50%
Jean-Philippe Tanguy
49%
Olivier Véran
47%
Valérie Hayer
47%
Marine Tondelier
45%
Sébastien Chenu
44%
Xavier Bertrand
44%
Aurore Bergé
42%
Danièle Obono
42%
Alexis Corbière
41%
Aymeric Caron
40%
Raquel Garrido
39%
Robert Ménard
37%
Christian Estrosi
35%
David Guiraud
35%
Olivier Dussopt
35%
Rachel Keke
34%
Julien Odoul
33%
Prisca Thevenot
33%
Sébastien Lecornu
33%
Laure Lavalette
31%
Marie Toussaint
31%
Eric Coquerel
30%
Stéphane Séjourné
29%
Meyer Habib
28%
Boris Vallaud
27%
Carole Delga
22%
David Lisnard
22%
Ian Brossat
22%
Laurent Jacobelli
22%
Aurélien Pradié
21%
Olivier Marleix
21%
Sophia Chikirou
20%
Edwige Diaz
19%
Ugo Bernalicis
16%
Thomas Portes
14%
Danielle Simonnet
13%
Ersilia Soudais
13%
Thomas Ménagé
8%
Philippe Ballard
7%
Caroline Parmentier
6%
Aucun quiz correspondant
Distribution des résultats
% des personnes avec chaque résultat
Percentile par nombre de réponses
Votre historique - résultats
Vous n’avez pas pris ce quiz